01139nam a2200277Ia 4500001001200000003000800012006001900020007001500039008004100054020001500095040002100110035002000131050002600151082002000177245010300197260004400300300002500344533015200369650003300521650003300554651005200587651005000639655002900689710001700718856012600735ebr10053615CaPaEBRm u cr cn|||||||||001201s2004 dcua s i000 0 eng d z0821357204 aCaPaEBRcCaPaEBR a(OCoLC)5607286714aHC800.A1bA356 2004eb04a330.96/002122000aAfrican development indicators 2004h[electronic resource] /cfrom the World Bank Africa Database. aWashington, D.C. :bWorld Bank,cc2004. axxvi, 427 p. :bill. aElectronic reproduction.bPalo Alto, Calif. :cebrary,d2005.nAvailable via World Wide Web.nAccess may be limited to ebrary affiliated libraries. 0aEconomic indicatorszAfrica. 0aFinancezAfricavStatistics. 0aAfricaxEconomic conditionsy1960-vStatistics. 0aAfricaxSocial conditionsy1960-vStatistics. 7aElectronic books.2local2 aebrary, Inc.40uhttp://site.ebrary.com/lib/rucke/Doc?id=10053615zAn electronic book accessible through the World Wide Web; click to view